| 000 | 00483nam a2200181Ia 4500 | ||
|---|---|---|---|
| 003 | OSt | ||
| 005 | 20240806104412.0 | ||
| 008 | 221216s9999||||xx |||||||||||||| ||und|| | ||
| 020 | _a0744800307 | ||
| 040 | _cChuka University Library | ||
| 050 |
_aLC 191.4 _b .A65 1982 |
||
| 100 |
_aApple, Michael W. _91905 |
||
| 245 | 0 | _aEducation and power | |
| 260 |
_aBoston _bARK Paperbacks _c1982 |
||
| 300 | _a218p. | ||
| 650 |
_aEducational sociology _zUnited States _917351 |
||
| 942 |
_cBK _2lcc |
||
| 999 |
_c2681 _d2681 |
||